000 00465nam a2200181Ia 4500
003 GCL
008 140319s9999 xx 000 0 eng d
040 _aGCL /
_cGCL
082 0 4 _a746.443
_bT B
100 1 _aTIMMS, CHRIS
245 1 0 _aBABY CROSS STITCH: OVER 40 CAPTIVATING DESIGNS /
_cTIMMS, CHRIS
260 _a[S.N] :
_bHAMLYN ،
_c1996
300 _a112 P
650 0 4 _aNEDDLE WORKS
650 0 4 _aCROSS - STITCH
650 0 4 _aHANDWORKS
942 _2ddc
_cBK
999 _c14195
_d14195